Statistics for Eritrea First Level Subdivisions

Click here to take the quiz!

General Stats

  • This quiz has been taken 54 times
  • The average score is 4 of 6

Answer Stats

Zoba% Correct
Debub / Southern
88%
Maekel / Central
75%
Northern Red Sea
75%
Southern Red Sea
71%
Gash-Barka
63%
Anseba
50%

Score Distribution

Percentile by Number Answered

Percent of People with Each Score

Your Score History

You have not taken this quiz